000 02432nam0a2200385 4500
001 RU\NLR\BIBL_A\022580778
005 20260420050456.0
010 _a978-5-9694-1459-4
_950
021 _aRU
_bКН-П-25-027499
_9КН-П-25-2726
035 _a(NLR Aleph) 022580778
090 _a13677099
_c13677099
100 _a20250704d2024 u y0rusy50 ca
101 0 _arus
102 _aRU
105 _aa j 000yy
181 0 _ai
_baxxe
182 0 _an
200 1 _aОсновы уголовного процесса
_eучебное наглядное пособие
_fА. А. Пудовкин, Д. В. Теткин, Д. В. Бондарев [и др.]
_gруководитель авторского коллектива: А. А. Пудовкин
_gМинистерство науки и высшего образования Российской Федерации, Министерство внутренних дел Российской Федерации, Московский университет Министерства внутренних дел Российской Федерации имени В. Я. Кикотя, Рязанский филиал
203 _aТекст
_bвизуальный
_cнепосредственный
210 _aРязань
_cМосковский университет МВД России имени В. Я. Кикотя
_d2024
215 _a110 с.
_cтабл.
_d20
300 _aАвт. указаны на обороте тит. с.
300 _aНад вып. дан. 1-го и 2-го авт.: А. А. Пудовкин, канд. юрид. наук, доц., Д. В. Теткин канд. юрид. наук [и др.]
320 _aБиблиогр.: с. 109–110 (7 назв.)
606 1 _aУголовный процесс
_jСхемы
_yРоссийская Федерация
_92078728
_3RU\NLR\AUTH\661254592
686 1 _aХ629.3я73
701 1 _aПудовкин
_bА. А.
_gАндрей Анатольевич
701 1 _aТеткин
_bД. В.
_gДенис Валентинович
701 1 _aБондарев
_bД.В.
_gДмитрий Владимирович
712 0 2 _4475
_aМосковский университет МВД России им. В. Я. Кикотя
_9584804
_3RU\NLR\AUTH\8810042681
942 _cBOOK
980 _aNB